Normale Ansicht MARC-Ansicht ISBD

Vorerst kein Umzug nach Frankfurt. (Titelsatznr. 372391)

[ MARC ]
MARC-Details
000 -Satzkennung
Kontrollfeld mit fester Länge 00669nab a2200181 4500
001 - Kontrollnummer
Kontrollfeld 90031
003 - Kontrollnummer Identifier
Kontrollfeld OSt
005 - Datum und Zeit der letzten Transaktion
Kontrollfeld 20230420142710.0
007 - Feld mit fester Länge zur physischen Beschreibung - Allgemeine Information
Kontrollfeld mit fester Länge tu
008 - Feld mit fester Länge zur physischen Beschreibung - Allgemeine Angaben
Kontrollfeld mit fester Länge 110905s2000|||||||
040 ## - Katalogisierungsquelle
Original-Katalogisierungsstelle DE-2950
Übertragungsstelle DE-2950
245 00 - Titel
Titel Vorerst kein Umzug nach Frankfurt.
Zusatz zum Titel Geschichte. Seit mehreren Jahren ist für das Haus Brandenburg in Fürstenwalde ein Standortwechsel im Gespräch. doch die Finanzierung bereitet Probleme. Und es gibt auch stimmen gegen die Pläne /
Verfasserangabe etc. Christina Flöhr
264 ## - Produktion, Veröffentlichung, Distribution, Herstellung und Urheberrechtsvermerk
Datum der Herstellung, der Veröffentlichung, des Vertriebs oder des Urheberschutzvermerks 2023
653 ## - Indexierungsterm - Nicht normiert
Nicht-normierter Term Fürstenwalde
653 ## - Indexierungsterm - Nicht normiert
Nicht-normierter Term Haus Brandenburg
773 0# - Übergeordnete Einheit
Verknüpfungsangaben 34. Jahrgang (2023) Nr. 92, 20.04.2023, S. 16: mit Foto
Titel Märkische Oderzeitung
942 ## - Zusätzliche Felder (Koha)
Klassifikation oder Aufstellungssystematik Andere/Generische Klassifikation
Koha-Medientyp Aufsätze
Exemplare
Ausgeschieden Verloren Klassifikation oder Aufstellungssystematik Beschädigt Nicht entleihbar Heimatbibliothek Aufenthaltsbibliothek Aufstellungsort Erwerbungsdatum Anzahl Ausleihen Signatur Letzte Aktivität Preis gültig von Koha-Medientyp
    Andere/Generische Klassifikation     Stadtarchiv Frankfurt (Oder) | Archivbibliothek Stadtarchiv Frankfurt (Oder) | Archivbibliothek Magazin 20/04/2023   Z2 20/04/2023 20/04/2023 Aufsätze